| 000 | 00575nam a2200169Ia 4500 | ||
|---|---|---|---|
| 005 | 20250718142140.0 | ||
| 008 | 250718s9999 xx 000 0 und d | ||
| 020 | _a9780230007659 | ||
| 082 |
_a941.081092 _bWIN |
||
| 100 | _aWindscheffel, Ruth Clayton | ||
| 245 | 0 | _aReading Gladstone | |
| 260 |
_bPalgrave MacMillan _c2008 |
||
| 300 | _a360 pages | ||
| 500 | _aThis volume explores how book culture functioned in the life and milieu of one of the nineteenth century's most complex figures, William Gladstone. | ||
| 650 | _aBiography & Autobiography | ||
| 942 | _cENGLISH | ||
| 999 |
_c576177 _d576177 |
||